000 00836nam a2200181 a 4500
008 120416s1997 ||||||||||||||||| || u
020 _a0074632876
050 _aHD 1387 Nai
100 _aNain, Ashok
245 1 0 _aProfesional valuation practice
260 _aNew Delhi
_bTata McGraw-Hill
_c1997
350 _a0.00
650 _aPROPERTY VALUATION
650 _aREAL PROPERTY
995 _aBINDERY (DAMAGED)
_D0.00
_e732993
_FCBU-MAIN LIBRARY (Kitwe)
_H2
_I40.00
_jHD 1387 Nai
_M2
_UDAMAGED
_y029756
_ZMain Library Open Access Collection
995 _aBINDERY (DAMAGED)
_D0.00
_e732991
_FCBU-MAIN LIBRARY (Kitwe)
_H1
_I40.00
_jHD 1387 Nai
_M1
_UDAMAGED
_y029755
_ZMain Library Open Access Collection
995 _aBINDERY (DAMAGED)
_D0.00
_e732993
_FCBU-MAIN LIBRARY (Kitwe)
_H3
_I40.00
_jHD 1387 Nai
_M3
_UDAMAGED
_y029754
_ZMain Library Open Access Collection
999 _c77247
_d77247